| 000 | 00353nam a22001337a 4500 | ||
|---|---|---|---|
| 020 | _a038707063X | ||
| 082 |
_a582.1601 _bZIM |
||
| 100 | _aZimmermann, Martin H. | ||
| 245 |
_aTrees: _bstructure and function / _cMartin H. Zimmermann |
||
| 260 |
_aNew York : _bSpringer, _c1971. |
||
| 300 |
_a335p. ; _c25 cm. |
||
| 563 | _aPBK. | ||
| 942 |
_2ddc _cBK |
||
| 999 |
_c589081 _d589081 |
||